The Dinosour craft book

Bibliographic Details
Format: Book
Published: London : Charles Letts , 1992
Subjects:

MARC

LEADER 00000cam a2200000 7i4500
001 0000002503
002 000002727
005 20000330.0
020 |a 1852383356 
090 0 0 |a 745.59   |b DIN 
245 0 4 |a The Dinosour craft book 
260 |a London :   |b Charles Letts ,   |c 1992 
300 |a 111p. ;   |c 20cm. 
650 0 0 |a Handicraft 
999 |a 036209   |b BUKU   |c PINJAMAN   |e PERPUSTAKAAN KOMUNITI PETALING JAYA